Word Scramble - Mario Characters - Statistics

General Stats
  • This quiz has been taken 631 times
  • The average score is 25 of 27
Answer Stats
Hint Answer % Correct
ligui Luigi
99%
amroi Mario
99%
apceh Peach
99%
ayisd Daisy
98%
odat Toad
98%
yro Roy
97%
ariow Wario
97%
obo Boo
96%
wosreb Bowser
96%
brweos rj. Bowser Jr
96%
hsoiy Yoshi
96%
byab ligui Baby Luigi
95%
ybab mriao Baby Mario
95%
yhs ygu Shy Guy
95%
abya pecah Baby Peach
94%
dknoye ogkn Donkey Kong
94%
lugiwai Waluigi
94%
oogmba Goomba
92%
omrton Morton
92%
dirbo Birdo
91%
ggiy Iggy
91%
lrary Larry
91%
emlmy Lemmy
91%
nwedy Wendy
91%
kpaoo Koopa
90%
edttetao Toadette
88%
diwlug Ludwig
85%
No matching quizzes found
Score Distribution
Percent of People with Each Score
Percentile by Number Answered
Your Score History
You have not taken this quiz